Word Ladder: Red Hot Chili Peppers Songs Quiz Stats

 Plays Quiz Updated Mar 13, 2019

Score 0/36 Timer 04:00
0 Plays Today
Clue 4-Letter Word % Correct
Bruce Banner's alter egoHULK
91.7%
Bond Actor ____ ConnerySEAN
90.6%
Entrance room of a buildingHALL
90.3%
Body of a shipHULL
90.2%
• ____ My Kiss •• SUCK •
89.9%
Fell to the bottom of a body of waterSANK
89.3%
Tom Sawyer's PalHUCK
89%
Opposite of shortTALL
89%
Semi-solid precipitationHAIL
88.9%
Burlap bagSACK
88.6%
• Knock Me ____• DOWN •
88.4%
• ____ Tissue •• SCAR •
88.2%
Bucket for the beachPAIL
88.2%
StoryTALE
88%
Unpleasantly wet (or a term for memes)DANK
86.3%
Partner of Chip in Disney toonsDALE
86.2%
• ____ Me Baby •• TELL •
85%
Lending of moneyLOAN
84.8%
Clue 4-Letter Word % Correct
TiltLEAN
84.3%
Dark greenish-blueTEAL
84%
Leap headfirstDIVE
83.7%
Quick look across a surfaceSCAN
83.2%
Rocker Matthews or actor Coulier, e.g.DAVE
81.8%
To burn or charSEAR
81.4%
Embossed emblem SEAL
80.3%
• Taste the ____• PAIN •
80.2%
Descent of waterRAIN
78.1%
• ____ It Away •• GIVE •
77.1%
Shane ____DOAN
75.9%
Surprise attackRAID
72.6%
• ____ Trippin •• ROAD •
69.1%
Sound of painMOAN
67%
Cut down with a scytheMOWN
65.2%
Horse coat colorROAN
63.9%
Slang term for a PEDROID
62.4%
• ____ California •• DANI •
61.2%

Today's Daily Dose

Missing Word
Sherlocks

Word Ladder
King of the Hill

Quick Pick
Songs in Pink

Get the Picture
NBA Teammates

You're not logged in!

Compare scores with friends on all Sporcle quizzes.
OR
Log In

Sporcle TV

Today on Sporcle TV


Watch our educational content, quiz creation guides, and fun videos on Sporcle TV.

Show Comments

Extras

Top Quizzes Today


Score Distribution

Your Account Isn't Verified!

In order to create a playlist on Sporcle, you need to verify the email address you used during registration. Go to your Sporcle Settings to finish the process.

Report this User

Report this user for behavior that violates our Community Guidelines.

Details: